Kvalita a bezpečnosť potravín ako významný nástroj konkurencieschopnosti

Na minha lista:
Detalhes bibliográficos
Autor principal: Lacková, Alica
Formato: Capítulo de Livro
Idioma:eslovaco
Tags: Adicionar Tag
Sem tags, seja o primeiro a adicionar uma tag!

MARC

LEADER 00000naa$a2200000$$$4500
001 0135548
005 20240502072523.3
041 0 |a slo 
044 |a SK 
245 1 0 |a Kvalita a bezpečnosť potravín ako významný nástroj konkurencieschopnosti  |c Alica Lacková 
100 1 |a Lacková, Alica